000 00648ntaaa2200181 4500
003 01
005 20251027202407.0
008 0714s1973 ag 01
040 _aAR-BaBN
_bspa
_cAR-BaBN
_eaacr
_dRIC
082 _a284.1000 G94
245 _aGuía Luterana de la República Argentina
250 _a1 ed.
260 _as.l.,
_cs.f.
300 _a31 p ;
_cmapa
500 _aFolleto edirado en ocasión de la Tercera Conferencia Luterana Latinoamericana. Contiene datos sobre la iglesia evangélica Luterana Argentina, el Sínodo Evangélico Alemán del Río de la Plata y la Iglesia Evangélica Luterana Unida.
650 _aLuteranos
942 _cBK
999 _c18839
_d18839